000
00269nam a2200109Ia 4500
008
200302s9999 xx 000 0 und d
100
_a
Troy Nagboul
245
_a
Happy Architecture In A Real World - 24
260
_b
Suh Kyongwon, France
260
_c
2007
300
_a
255
999
_c
4695
_d
4695